| 000 | 00622nam a2200241Ia 4500 | ||
|---|---|---|---|
| 008 | 160803s9999 xx 000 0 und d | ||
| 020 | _a0 590135651 | ||
| 100 | _aHenkes, Kevin | ||
| 245 | _aChrysanthemum / | ||
| 245 | _cby Kevin Henkes. | ||
| 260 | _aNew York : | ||
| 260 | _bScholastic Inc. | ||
| 260 | _c1991 | ||
| 300 | _a30 unnumbered pages : | ||
| 300 | _bcolor illustrations ; | ||
| 300 | _c26 cm | ||
| 500 | _aOriginally published: New York : Greenwillow Books, c1991. | ||
| 650 | _aNames, Personal -- | ||
| 650 | _aSchools -- | ||
| 650 | _xFiction. | ||
| 650 | _xFiction. | ||
| 700 | _a460 | ||
| 999 |
_c299224 _d299224 |
||